Truyện kể về các nhà vật lí được giải Nobel
Shranjeno v:
| Glavni avtor: | |
|---|---|
| Format: | Knjiga |
| Jezik: | Vietnamese |
| Izdano: |
Hà Nội
Giáo dục
2006
|
| Teme: | |
| Oznake: |
Označite
Brez oznak, prvi označite!
|
| Thư viện lưu trữ: | Trung tâm Học liệu Lê Vũ Hùng, Trường Đại học Đồng Tháp |
|---|
| LEADER | 00746pam a22002298a 4500 | ||
|---|---|---|---|
| 001 | 00030961 | ||
| 005 | 20171026081025.0 | ||
| 008 | 130819s2006 ||||||viesd | ||
| 020 | |c 58100 | ||
| 041 | 0 | # | |a vie |
| 082 | 1 | 4 | |a 530.092 |b TR527K |
| 100 | 1 | # | |a Thế, Trường |
| 245 | 1 | 0 | |a Truyện kể về các nhà vật lí được giải Nobel |c Thế Trương |
| 260 | # | # | |a Hà Nội |b Giáo dục |c 2006 |
| 300 | # | # | |a 407 tr. |b ảnh trắng đen |c 24 cm. |
| 653 | # | # | |a Giải Nobel |
| 653 | # | # | |a Nhà vật lí |
| 653 | # | # | |a Truyện kể |
| 852 | # | # | |b Kho đọc |j KD.0014833 |
| 852 | # | # | |j KD.0014833 |
| 910 | |d 8/2013 | ||
| 980 | # | # | |a Trung tâm Học liệu Lê Vũ Hùng, Trường Đại học Đồng Tháp |